Comprensión de textos escritos
Gorde:
| Egile nagusia: | |
|---|---|
| Erakunde egilea: | |
| Formatua: | Liburua |
| Hizkuntza: | gaztelania |
| Argitaratua: |
Buenos Aires
EUDEBA
2005
|
| Edizioa: | 1a. ed |
| Saila: | Enciclopedia Semiológica
|
| Gaiak: | |
| Sarrera elektronikoa: | portada |
| Etiketak: |
Etiketa erantsi
Etiketarik gabe, Izan zaitez lehena erregistro honi etiketa jartzen!
|
MARC
| LEADER | 00000nam a2200000 a 4500 | ||
|---|---|---|---|
| 001 | UCJ8879 | ||
| 003 | CL-VaPUC | ||
| 008 | 070124e20051000ag |||||||||||||||||spa|d | ||
| 020 | |a 9502314301 | ||
| 082 | 0 | 4 | |a 401.41 |b PAR |2 21 |
| 100 | |a Parodi Sweis, Giovanni Emmanuel |e autor |9 783477 | ||
| 110 | 2 | |a Universidad de Buenos Aires |e author |9 518600 | |
| 245 | 1 | 0 | |a Comprensión de textos escritos |
| 250 | |a 1a. ed | ||
| 300 | |a 110 p | ||
| 942 | |c BK | ||
| 945 | |d 20070124 00:00:00 |a fvergara | ||
| 260 | |a Buenos Aires |b EUDEBA |c 2005 | ||
| 650 | 0 | |a Investigación lingüística |9 329785 | |
| 650 | 0 | |a Archivo histórico PUCV |9 255554 | |
| 650 | 0 | |a Semiótica |9 265317 | |
| 650 | 0 | |a Comprensión de textos |9 518601 | |
| 650 | 0 | |a Académicos |x Pontificia Universidad Católica de Valparaíso (PUCV) |9 255553 | |
| 856 | 7 | |f UCJ8879_01.jpg |u http://opac.pucv.cl/pucv_img/Img-8500/UCJ8879_01.jpg |q JEPG |2 file |z portada | |
| 583 | |a last modification |c 20130912 04:53:50 |k Rodrigo Vera | ||
| 490 | 0 | |a Enciclopedia Semiológica | |
| 999 | |c 324527 |d 324525 | ||
| 952 | |0 0 |1 0 |4 0 |6 401_410000000000000_PAR_2005 |7 0 |8 X |9 404778 |a FDOBUD |b FDOBUD |d 2019-11-22 |i 1085247 |o 401.41 PAR 2005 |p 1085247 |r 2019-11-22 |w 2019-11-22 |y BK_X |k FHP | ||